Ground-water resources of Bexar County, Texas, (Record no. 28236)

MARC details
000 -LEADER
fixed length control field 00960cam a22002771 4500
001 - CONTROL NUMBER
control field gs 48000013
003 - CONTROL NUMBER IDENTIFIER
control field DLC
005 - DATE AND TIME OF LATEST TRANSACTION
control field 20260227111353.0
008 - FIXED-LENGTH DATA ELEMENTS--GENERAL INFORMATION
fixed length control field 761113s1947 dcu 000 0 eng
010 ## - LIBRARY OF CONGRESS CONTROL NUMBER
LC control number gs 48000013
035 ## - SYSTEM CONTROL NUMBER
System control number (OCoLC)2556765
040 ## - CATALOGING SOURCE
Original cataloging agency DLC
Transcribing agency Tx
Modifying agency OCoLC
-- DLC
042 ## - AUTHENTICATION CODE
Authentication code premarc
050 00 - LIBRARY OF CONGRESS CALL NUMBER
Classification number GB1025.T4
Item number A5 1947
082 ## - DEWEY DECIMAL CLASSIFICATION NUMBER
Classification number 551.49
110 2# - MAIN ENTRY--CORPORATE NAME
Corporate name or jurisdiction name as entry element Texas Water Commission.
245 10 - TITLE STATEMENT
Title Ground-water resources of Bexar County, Texas,
Statement of responsibility, etc. by Penn Livingston. Prepared in cooperation with the U. S. Dept. of the Interior, Geological Survey.
260 ## - PUBLICATION, DISTRIBUTION, ETC.
Place of publication, distribution, etc. [Washington]
Date of publication, distribution, etc. 1947
300 ## - PHYSICAL DESCRIPTION
Extent 234 l.
Other physical details 3 fold maps.
Dimensions 28 cm.
500 ## - GENERAL NOTE
General note Includes references.
500 ## - GENERAL NOTE
General note United States Geological survey. Library. for Library of Congress.
650 #0 - SUBJECT ADDED ENTRY--TOPICAL TERM
Topical term or geographic name entry element Groundwater
Geographic subdivision Texas
-- Bexar County.
650 #0 - SUBJECT ADDED ENTRY--TOPICAL TERM
Topical term or geographic name entry element Water-supply
Geographic subdivision Texas
-- Bexar County.
700 1# - ADDED ENTRY--PERSONAL NAME
Personal name Livingston, Penn
Fuller form of name (Penn Poore),
Dates associated with a name 1899-
710 2# - ADDED ENTRY--CORPORATE NAME
Corporate name or jurisdiction name as entry element Geological Survey (U.S.)

No items available.

Powered by Koha